| 000 | 00439nam a2200169 i 4500 | ||
|---|---|---|---|
| 001 | 28986 | ||
| 003 | ES-MaACL | ||
| 005 | 20230906153949.0 | ||
| 007 | t| | ||
| 008 | 030120q18001899sp ||||1| spa d | ||
| 100 | 1 |
_aBalzac, Honoré de, _d1799-1850 _925139 |
|
| 245 | 1 | 0 |
_aAlberto Savarón / _cHonore de Balzac. |
| 260 |
_aBarcelona : _b[s.n., _c18??] |
||
| 300 | _a1 v. | ||
| 852 |
_aES-MaACL _jT-474-F-3 _bR.1291 |
||
| 999 |
_c28986 _d28986 |
||